Marketing luxusných značiek na trhu automobilov diplomová práca

Gespeichert in:
Bibliographische Detailangaben
1. Verfasser: Kizeková, Michaela
Körperschaft: Obchodná fakulta EU. Katedra marketingu
Weitere Verfasser: Lesáková, Dagmar, 1949-
Format: Buch
Sprache:Slowakisch
Veröffentlicht: Bratislava 2018
Tags: Tag hinzufügen
Keine Tags, Fügen Sie das erste Tag hinzu!

MARC

LEADER 00000nbm a2200000 4500
001 0243296
005 20180817111719.4
041 0 |a slo 
044 |a SK 
245 1 0 |a Marketing luxusných značiek na trhu automobilov  |b diplomová práca  |c Michaela Kizeková ; školiteľ: Dagmar Lesáková 
264 1 |a Bratislava  |c 2018 
300 |a 76 s. 
100 1 |a Kizeková, Michaela 
700 1 |a Lesáková, Dagmar, 1949- 
710 2 |a Obchodná fakulta EU. Katedra marketingu